000 00712nam a2200289Ia 4500
005 20260324115904.0
008 008 260324s9999 xx 000 0 eng d
020 _a9780429183638
037 _aEBOOK
040 _aCRL
040 _beng
040 _cCRL
041 _2eng
041 _aeng
084 _qCRL
100 _aYuyu Liu; Jinli Qiao; Jiujun Zhang
_91156398
245 0 _aElectrochemical Reduction of Carbon Dioxide
245 0 _bFundamentals and Technologies
260 _bTaylor and Francis
260 _c2016
365 _a
365 _b370
856 _uhttp://www.taylorfrancis.com/books/9780429183638
942 _cEBOOK
999 _c1747605
_d1747605